000 00563nam a2200193Ia 4500
003 GCL
005 20240530103718.0
008 140319s9999 xx 000 0 ara d
040 _aGCL /
_cGCL
082 0 4 _a960\
_bج ق
100 1 _aجودة حسنين جودة
245 1 0 _aقارة افريقيا: دراسات فى الجغرافيا الاقليمية /
_cجودة حسنين جودة
300 _a232 ص
490 _aكتاب
_v0
650 0 4 _aاطفاء الحرائق
650 0 4 _aافريقيا
650 0 4 _aالخرائط
942 _2ddc
_cBK
999 _c41893
_d41893